Автономные системы электроснабжения: методические указания к выполнению лабораторных работ для магистрантов

Detalles Bibliográficos
Autor principal: Лукутин Б. В. Борис Владимирович
Autor Corporativo: Национальный исследовательский Томский политехнический университет
Sumario:Заглавие с титульного экрана
Методические указания к выполнению лабораторных работ по дисциплине «Автономные системы электроснабжения» для магистрантов Инженерной школы энергетики, Отделения электроэнергетики и электротехники, направление подготовки 13.04.02. В методических указаниях рассмотрены вопросы построения автономных систем электроснабжения объектов на удалённых труднодоступных территориях с использованием дизельных электростанций и их гибридов с энергоустановками возобновляемой энергетики. Методические указания предназначены для студентов дневного обучения по направлению 13.04.02 «Электроэнергетика и электротехника»
Текстовый файл
AM_TPU_network
Lenguaje:ruso
Publicado: Томск, 2026
Materias:
Acceso en línea:https://www.lib.tpu.ru/fulltext2/m/2026/m01.pdf
Formato: Electrónico Libro
KOHA link:https://koha.lib.tpu.ru/cgi-bin/koha/opac-detail.pl?biblionumber=684790

MARC

LEADER 00000nam0a2200000 4500
001 684790
005 20260212085800.0
090 |a 684790 
100 |a 20260211d2026 m||y0rusy50 ca 
101 0 |a rus 
102 |a RU 
105 |a a j 001zy 
135 |a drcn ---uucaa 
181 0 |a i   |b  e  
182 0 |a b 
183 0 |a cr  |2 RDAcarrier 
200 1 |a Автономные системы электроснабжения  |e методические указания к выполнению лабораторных работ для магистрантов  |f Б. В. Лукутин  |g Национальный исследовательский Томский политехнический университет 
203 |a Текст  |c электронный  |b визуальный 
210 |a Томск  |d 2026 
215 |a 1 файл (2,31 MB, 64 с.)  |c ил. 
283 |a online_resource  |2 RDAcarrier 
300 |a Заглавие с титульного экрана 
330 |a Методические указания к выполнению лабораторных работ по дисциплине «Автономные системы электроснабжения» для магистрантов Инженерной школы энергетики, Отделения электроэнергетики и электротехники, направление подготовки 13.04.02. В методических указаниях рассмотрены вопросы построения автономных систем электроснабжения объектов на удалённых труднодоступных территориях с использованием дизельных электростанций и их гибридов с энергоустановками возобновляемой энергетики. Методические указания предназначены для студентов дневного обучения по направлению 13.04.02 «Электроэнергетика и электротехника» 
336 |a Текстовый файл 
371 0 |a AM_TPU_network 
606 |a Электроснабжение автономное  |9 86272 
610 1 |a автономные системы электроснабжения 
610 1 |a лабораторные работы 
610 1 |a электронный ресурс 
610 1 |a методические указания 
610 1 |a труды учёных ТПУ 
675 |a 621.31.031  |v 4 
700 1 |a Лукутин  |b Б. В.  |c специалист в области электротехники  |c профессор Томского политехнического университета, доктор технических наук  |f 1948-  |g Борис Владимирович  |9 9293 
712 0 2 |a Национальный исследовательский Томский политехнический университет  |c (2009- )  |9 26305 
801 0 |a RU  |b 63413507  |c 20260211  |g RCR 
850 |a 63413507 
856 4 0 |u https://www.lib.tpu.ru/fulltext2/m/2026/m01.pdf  |z https://www.lib.tpu.ru/fulltext2/m/2026/m01.pdf 
942 |c CF